Normal view
MARC view
- DEVITO,A.JOSEPH
Entry Personal Name
001 - CONTROL NUMBER
- control field: 134150
003 - CONTROL NUMBER IDENTIFIER
- control field: NUST
005 - DATE AND TIME OF LATEST TRANSACTION
- control field: 20260415154919.0
008 - FIXED-LENGTH DATA ELEMENTS
- fixed length control field: 260415|| aca||aabn | a|a d
040 ## - CATALOGING SOURCE
- Original cataloging agency: NUST
- Transcribing agency: NUST
100 ## - HEADING--PERSONAL NAME
- Personal name: DEVITO,A.JOSEPH
670 ## - SOURCE DATA FOUND
- Source citation: Work cat.: (NUST): DEVITO,A.JOSEPH., ESSENTIALS OF HUMAN COMMUNICATION /, 2011.
